[Event "Seebach op 23rd"]
[Site "Grossenseebach"]
[Date "2012.06.09"]
[Round "6"]
[White "Kreiner, Tobias"]
[Black "Schneider, Peter1111"]
[Result "1/2-1/2"]
[WhiteElo "959"]
[BlackElo "1621"]
[PlyCount "64"]
[EventDate "2012.06.07"]
[EventType "swiss"]
[EventRounds "7"]
[EventCountry "GER"]
[SourceTitle "EXT 2013"]
[Source "ChessBase"]
[SourceDate "2012.11.22"]
[SourceVersion "1"]
[SourceVersionDate "2012.11.22"]
[SourceQuality "1"]

1. e4 c6 2. Nf3 d5 3. Nc3 e6 4. Be2 Nd7 5. d3 Be7 6. Bf4 h6 7. Ne5 Nxe5 8. Bxe5 Bf6 9. Bxf6 Qxf6 10. Qd2 e5 11. exd5 Ne7 12. dxc6 bxc6 13. Ne4 Qe6 14. Nc5 Qd5 15. Ne4 0-0 16. c4 Qd8 17. 0-0 Nf5 18. Bg4 Nd4 19. Bxc8 Rxc8 20. Qd1 f5 21. Nc5 Qe7 22. Nb3 Rcd8 23. Nxd4 Rxd4 24. Qe2 Rfd8 25. Rad1 Qd6 26. Rfe1 e4 27. Qh5 Qd7 28. Re3 f4 29. Rh3 e3 30. fxe3 Rxd3 31. Re1 fxe3 32. Rhxe3 Rxe3 1/2-1/2

[Event "Seebach op 23rd"]
[Site "Grossenseebach"]
[Date "2012.06.08"]
[Round "3"]
[White "Budschigk, Gerd"]
[Black "Kreiner, Tobias"]
[Result "0-1"]
[WhiteElo "1115"]
[BlackElo "959"]
[PlyCount "64"]
[EventDate "2012.06.07"]
[EventType "swiss"]
[EventRounds "7"]
[EventCountry "GER"]
[SourceTitle "EXT 2013"]
[Source "ChessBase"]
[SourceDate "2012.11.22"]
[SourceVersion "1"]
[SourceVersionDate "2012.11.22"]
[SourceQuality "1"]

1. e4 e5 2. Nf3 Nc6 3. Bc4 Nf6 4. Ng5 Qe7 5. Bxf7+ Kd8 6. Bd5 Nxd5 7. exd5 Nd4 8. 0-0 Qxg5 9. d3 Qg6 10. Nc3 Bc5 11. Ne4 d6 12. Bg5+ Ke8 13. Bh4 Bh3 14. Bg3 Bg4 15. Qd2 Ne2+ 16. Kh1 Nxg3+ 17. fxg3 h6 18. Nxc5 dxc5 19. Rae1 Rf8 20. Rg1 Qh5 21. Qc3 Rf5 22. Re3 Kd7 23. Qxc5 Raf8 24. Ree1 Rf3 25. gxf3 Bxf3+ 26. Rg2 Bxg2+ 27. Kxg2 Qf3+ 28. Kh3 Rf5 29. Qb5+ c6 30. Qxb7+ Ke8 31. Qb8+ Kf7 32. Qd6 Rh5# 0-1

[Event "Seebach op 23rd"]
[Site "Grossenseebach"]
[Date "2012.06.07"]
[Round "2"]
[White "Kreiner, Tobias"]
[Black "Semenova, Alisa"]
[Result "0-1"]
[WhiteElo "959"]
[BlackElo "1361"]
[PlyCount "48"]
[EventDate "2012.06.07"]
[EventType "swiss"]
[EventRounds "7"]
[EventCountry "GER"]
[SourceTitle "EXT 2013"]
[Source "ChessBase"]
[SourceDate "2012.11.22"]
[SourceVersion "1"]
[SourceVersionDate "2012.11.22"]
[SourceQuality "1"]

1. e4 c5 2. Nf3 Nc6 3. Bc4 g6 4. Nc3 Bg7 5. Nd5 e6 6. Nf4 Nf6 7. d3 d5 8. exd5 exd5 9. Bb5 Qa5+ 10. Bd2 Qxb5 11. Qe2+ Ne7 12. 0-0-0 Ne4 13. b3 Nxd2 14. Nxd2 Qa5 15. Kb1 Qa3 16. d4 Bxd4 17. Qb5+ Bd7 18. c3 Bxb5 19. cxd4 c4 20. bxc4 dxc4 21. Nd5 Nxd5 22. Rhe1+ Ne7 23. d5 c3 24. Nb3 Qb2# 0-1